Swallow irritation before irritation swallows you / (Record no. 101527)

MARC details
000 -LEADER
fixed length control field 00552nam a22001937a 4500
005 - DATE AND TIME OF LATEST TRANSACTION
control field 20160727163012.0
010 ## - LCCN (DPL NO)
LC control number ENG-115558
020 ## - INTERNATIONAL STANDARD BOOK NUMBER
International Standard Book Number 9789380743141
Terms of availability 395.00
035 ## - SYSTEM CONTROL NUMBER
System control number EN-99090
037 ## - SOURCE OF ACQUISITION
Source of stock number/acquisition DBAD/PUB
082 ## - DEWEY DECIMAL CLASSIFICATION NUMBER
Classification number 230.4
100 ## - MAIN ENTRY--PERSONAL NAME
Personal name Vaswani,J.P.
245 ## - TITLE STATEMENT
Title Swallow irritation before irritation swallows you /
Statement of responsibility, etc by J.P. Vaswani
250 ## - EDITION STATEMENT
Edition statement 3rd ed.
260 ## - PUBLICATION, DISTRIBUTION, ETC. (IMPRINT)
Place of publication, distribution, etc New Delhi
Name of publisher, distributor, etc Gita Publishing House
270 ## - ADDRESS
Address 10,Sadhu Vaswani Path
City Pune
Postal code 411001
300 ## - PHYSICAL DESCRIPTION
Extent 176p.
Dimensions 22cm(pbk)
942 ## - ADDED ENTRY ELEMENTS (KOHA)
Source of classification or shelving scheme Dewey Decimal Classification
Item type English Books
Classification part 230.4
Call number suffix VAS
Holdings
Withdrawn status Lost status Not for loan Collection code Home library Current library Date acquired Source of acquisition Cost, normal purchase price Full call number Barcode Copy number Cost, replacement price Koha item type
    Not For Loan Non-fiction D.B.Act.Division Bawana 27/07/2016 DBAD/PUB 395.00 230.4 VAS EN-99090 1 395.00 English Books

© Delhi Public Library
Hit Counter
free hit counter